Statistiken für Zentralamerikanische Länder

Klicken Sie hier um das Quiz zu spielen!

Allgemein

  • Dieses Quiz wurde 1,670 mal gespielt
  • Das Durchschnittsergebnis liegt bei 6 aus 7

Antwortstatistiken

Land % Korrekt
Panama
98%
Costa Rica
91%
Honduras
90%
Nicaragua
88%
Guatemala
86%
Belize
86%
El Salvador
83%

Verteilung der Resultate

Perzentil nach korrekt beantworteten Fragen

Anzahl Personen mit jedem Resultat

Ihre Resultats-Entwicklung

Sie haben dieses Quiz noch nicht gespielt